Environmental radioactivity

Guardado en:
Detalles Bibliográficos
Autores principales: Eisenbund, Meril (Autor), Gesell, Thomas (Autor)
Formato: Libro
Lenguaje:inglés
Publicado: San Diego : Academic Press, 1997
Materias:
Etiquetas: Agregar Etiqueta
Sin Etiquetas, Sea el primero en etiquetar este registro!

MARC

LEADER 00000nam a22000003a 4500
001 stu49566
005 20150617225708.9
008 990506s1997------------------------eng-d
020 |a 0-12-235154-1 
040 |a STU  |b slo 
041 0 |a eng 
080 |a 502.55 
080 |a 621.039.7 
080 |a 504.054 
084 |a A2842K  |2 INS 
084 |a A2875  |2 INS 
084 |a A8670  |2 INS 
084 |a A8760R  |2 INS  |7 stu_us_auth*stu6756 
100 1 |a Eisenbund, Meril  |4 aut 
245 1 |a Environmental radioactivity 
260 |a San Diego :  |b Academic Press,  |c 1997 
300 |a 656 s 
650 7 |a životné prostredie  |2 stusub 
650 7 |a rádioaktívne znečistenie  |2 stusub 
650 7 |a jadrová technika  |2 stusub 
650 7 |a rádioaktívne žiarenie  |2 stusub 
650 7 |a rádioaktívne odpady  |2 stusub 
650 7 |a radiačná ochrana  |2 stusub 
700 1 |a Gesell, Thomas  |4 aut 
996 |b 284EK82673  |c E*82673  |l EE10  |s P  |a 0  |w stu49566_0001